000
00333nam a2200157Ia 4500
001
14605
003
GE_BSU
008
181216s||||||||xx |||||||||||||| ||und||
040
_c
GE_BSU
245
_a
Le Point №2216. 26 fevrier 2015.
260
_a
Paris
260
_c
2015
300
_a
98p.27cm.
653
_a
Le Point
942
_c
CR
999
_c
47734
_d
47734